| 000 | 00806nam a2200205 i 4500 | ||
|---|---|---|---|
| 001 | 189588 | ||
| 003 | ES-MaACL | ||
| 005 | 20250902233323.0 | ||
| 007 | t| | ||
| 008 | 190624s1953 sp r ||||1| spa d | ||
| 100 | 0 |
_aGarcía Nájera, José María. _955019 |
|
| 245 | 1 | 3 |
_aEsclusa salmonera automática _b: paso de presas de cualquier altura / _cpor J. Mª Garcia Nájera. |
| 260 |
_aMadrid : _bInstituto Forestal de Investigaciones y Experiencias, _c1953. |
||
| 300 |
_a32 p. : _bil. ; _c24 cm. |
||
| 490 | 1 |
_aInstituto Forestal de Investigaciones y Experiencias ; _vAño XXIV nº 66 |
|
| 650 | 7 |
_aIngeniería hidráulica _2embne _9136287 |
|
| 830 | 0 |
_aInstituto Forestal de Investigaciones y Experiencias ; _vAño XXIV nº 66 _9181435 |
|
| 852 |
_aES-MaACL _jP-569-Bis-53 |
||
| 999 |
_c189588 _d189588 |
||